[Event "EU-Cup 39th"]
[Site "Vrnjacka Banja"]
[Date "2024.10.24"]
[Round "5.6"]
[White "Simonovic, Miroslav"]
[Black "Audenaert, Bart"]
[Result "1-0"]
[WhiteElo "2085"]
[BlackElo "1987"]
[PlyCount "103"]
[EventDate "2024.10.20"]
[EventType "team-swiss"]
[EventRounds "7"]
[EventCountry "SRB"]
[SourceTitle "CB44_2024"]
[Source "Chessbase"]
[SourceDate "2024.10.30"]
[SourceVersion "1"]
[SourceVersionDate "2024.10.30"]
[SourceQuality "1"]
[WhiteTeam "Belgrade Radnicki"]
[BlackTeam "Wachtebeke"]
[WhiteTeamCountry "SRB"]
[BlackTeamCountry "BEL"]

1. d4 d5 2. Bg5 f6 3. Bf4 Nc6 4. Nf3 g5 5. Bg3 g4 6. Nh4 e5 7. e3 exd4 8. exd4 f5 9. Bb5 Bg7 10. Qe2+ Kf7 11. c3 f4 12. Bxf4 Qxh4 13. 0-0 Nf6 14. Nd2 Bf5 15. Bxc7 Rhe8 16. Qd1 a6 17. Bxc6 bxc6 18. Qa4 Bh6 19. Bg3 Qh5 20. Nb3 Bd3 21. Rfe1 Bb5 22. Qa5 Ne4 23. a4 Bc4 24. Qc7+ Re7 25. Qxc6 Rae8 26. Nc5 Nxg3 27. Rxe7+ Rxe7 28. hxg3 a5 29. b3 Be2 30. Nd7 Bg7 31. Re1 Qf5 32. Nb6 Bh6 33. Qxh6 Re6 34. Qd2 Rxb6 35. Qxe2 Rf6 36. c4 Qd7 37. cxd5 Qxd5 38. Qc4 Rd6 39. Re4 h5 40. f3 Kf6 41. Qxd5 Rxd5 42. fxg4 Rg5 43. gxh5 Rxg3 44. h6 Kg6 45. Rh4 Kh7 46. Rh3 Rg4 47. Rd3 Kxh6 48. d5 Rg7 49. d6 Rd7 50. Kf2 Kg6 51. Rd5 Kf7 52. Ke3 1-0

[Event "EU-Cup 39th"]
[Site "Vrnjacka Banja"]
[Date "2024.10.23"]
[Round "4.6"]
[White "Simonovic, Miroslav"]
[Black "Goeschl, Ortrun"]
[Result "1-0"]
[WhiteElo "2085"]
[BlackElo "1941"]
[PlyCount "60"]
[EventDate "2024.10.20"]
[EventType "team-swiss"]
[EventRounds "7"]
[EventCountry "SRB"]
[SourceTitle "CB44_2024"]
[Source "Chessbase"]
[SourceDate "2024.10.30"]
[SourceVersion "1"]
[SourceVersionDate "2024.10.30"]
[SourceQuality "1"]
[WhiteTeam "Belgrade Radnicki"]
[BlackTeam "Raika Feffernitz"]
[WhiteTeamCountry "SRB"]
[BlackTeamCountry "AUT"]

1. d4 f5 2. Bg5 g6 3. c4 Bg7 4. h4 h6 5. Bf4 Nf6 6. Qc1 d6 7. Nf3 Nh5 8. g3 Nc6 9. d5 e5 10. dxc6 exf4 11. gxf4 bxc6 12. Nc3 Rb8 13. Qd2 Qf6 14. 0-0-0 c5 15. Rg1 0-0 16. e3 Be6 17. Be2 Rb4 18. Kc2 Rfb8 19. b3 a5 20. Rb1 c6 21. Ne1 Kh7 22. Bxh5 gxh5 23. Rxg7+ Kxg7 24. Qxd6 Rd8 25. Qxc6 Rbb8 26. Nd3 Rbc8 27. Qf3 Bf7 28. Ne5 Be8 29. Nd5 Qxh4 30. Rg1+ Kh7 1-0

[Event "EU-Cup 39th"]
[Site "Vrnjacka Banja"]
[Date "2024.10.20"]
[Round "1.6"]
[White "Jahncke, Giso"]
[Black "Simonovic, Miroslav"]
[Result "1-0"]
[WhiteElo "2234"]
[BlackElo "2085"]
[PlyCount "81"]
[EventDate "2024.10.20"]
[EventType "team-swiss"]
[EventRounds "7"]
[EventCountry "SRB"]
[SourceTitle "CB44_2024"]
[Source "Chessbase"]
[SourceDate "2024.10.30"]
[SourceVersion "1"]
[SourceVersionDate "2024.10.30"]
[SourceQuality "1"]
[WhiteTeam "St Pauli"]
[BlackTeam "Belgrade Radnicki"]
[WhiteTeamCountry "GER"]
[BlackTeamCountry "SRB"]

1. Nf3 c5 2. c4 Nc6 3. d4 cxd4 4. Nxd4 g6 5. e4 Bg7 6. Be3 Nf6 7. Nc3 Ng4 8. Qxg4 Nxd4 9. Qd1 Nc6 10. Qd2 h5 11. Be2 d6 12. h3 Be6 13. Rc1 Qa5 14. b3 Rc8 15. 0-0 0-0 16. f4 f5 17. exf5 Bxf5 18. g4 Bxc3 19. Rxc3 hxg4 20. hxg4 Be4 21. Bd3 Bxd3 22. Qxd3 Kg7 23. Rc2 Rf6 24. Rh2 Rh8 25. Rxh8 Kxh8 26. a4 Kg7 27. Kg2 e5 28. f5 gxf5 29. g5 Rf7 30. Qxd6 Ne7 31. Qh6+ Kg8 32. Rh1 Rg7 33. Qe6+ Kf8 34. Rh8+ Ng8 35. g6 Qc7 36. Qxf5+ Ke8 37. Qe6+ Kf8 38. Bh6 Qc6+ 39. Qxc6 bxc6 40. Kf3 a6 41. a5 1-0

[Event "Titled Tuesday intern op 10th Sep Early"]
[Site "Chess,com INT"]
[Date "2024.09.10"]
[Round "8"]
[White "Simonovic, Miroslav"]
[Black "Estrada Nieto, Julian"]
[Result "0-1"]
[WhiteElo "2085"]
[BlackElo "2204"]
[PlyCount "88"]
[EventDate "2024.09.10"]
[EventType "swiss (blitz)"]
[EventRounds "11"]
[EventCountry "USA"]
[SourceTitle "EXT 2025"]
[Source "ChessBase"]
[SourceDate "2024.10.14"]
[SourceVersion "1"]
[SourceVersionDate "2024.10.14"]
[SourceQuality "1"]

1. d4 d5 2. Bg5 h6 3. Bh4 c6 4. e3 Qb6 5. b3 e5 6. dxe5 Qb4+ 7. Qd2 Qxh4 8. Nf3 Qd8 9. Be2 Bg4 10. 0-0 Ne7 11. h3 Bh5 12. g4 Bg6 13. Nd4 a6 14. f4 c5 15. Nf3 Be4 16. Nc3 Nec6 17. Rad1 Be7 18. Nxd5 Qxd5 19. Qxd5 Bxd5 20. Rxd5 Nb4 21. Rd2 Nxa2 22. Bc4 Nb4 23. e6 fxe6 24. Bxe6 N8c6 25. c3 Rd8 26. Rxd8+ Nxd8 27. cxb4 Nxe6 28. f5 Ng5 29. bxc5 Nxf3+ 30. Rxf3 Bxc5 31. Kg2 Ke7 32. e4 Kf6 33. Rc3 b6 34. b4 Bxb4 35. Rc6+ Ke5 36. Rxb6 a5 37. Kf3 Rc8 38. Re6+ Kd4 39. e5 Rc3+ 40. Kf4 Rxh3 41. f6 g6 42. Rd6+ Bxd6 43. exd6 Rb3 44. f7 Rb8 0-1

[Event "Titled Tuesday intern op 23rd Jul Early"]
[Site "Chess.com INT"]
[Date "2024.07.23"]
[Round "3"]
[White "Nikolic, Radisa D"]
[Black "Simonovic, Miroslav"]
[Result "1-0"]
[WhiteElo "2219"]
[BlackElo "2085"]
[PlyCount "75"]
[EventDate "2024.07.23"]
[EventType "swiss (blitz)"]
[EventRounds "11"]
[EventCountry "USA"]
[SourceTitle "EXT 2025"]
[Source "ChessBase"]
[SourceDate "2024.10.14"]
[SourceVersion "1"]
[SourceVersionDate "2024.10.14"]
[SourceQuality "1"]

1. d4 Nf6 2. c4 c5 3. d5 b5 4. Nd2 bxc4 5. e4 d6 6. Bxc4 Nbd7 7. b3 g6 8. Bb2 Bg7 9. Ngf3 0-0 10. 0-0 Ng4 11. Bxg7 Kxg7 12. Qc2 Nge5 13. Nxe5 Nxe5 14. f4 Nxc4 15. Nxc4 Bb7 16. Qc3+ f6 17. Rad1 Qc7 18. e5 fxe5 19. fxe5 Kg8 20. e6 a5 21. Rxf8+ Rxf8 22. Qxa5 Qxa5 23. Nxa5 Ba8 24. Nc6 Bxc6 25. dxc6 Rc8 26. Rc1 Rxc6 27. b4 c4 28. b5 Rc8 29. a4 c3 30. b6 d5 31. Kf2 d4 32. Ke2 Ra8 33. Ra1 Ra5 34. b7 Re5+ 35. Kd3 Re3+ 36. Kxd4 Rxe6 37. b8Q+ Kg7 38. Qe5+ 1-0

[Event "Titled Tuesday intern op 23rd Jul Late"]
[Site "Chess.com INT"]
[Date "2024.07.23"]
[Round "2"]
[White "Simonovic, Miroslav"]
[Black "Cattaneo, Marco"]
[Result "1/2-1/2"]
[WhiteElo "2085"]
[BlackElo "2314"]
[PlyCount "193"]
[EventDate "2024.07.23"]
[EventType "swiss (blitz)"]
[EventRounds "11"]
[EventCountry "USA"]
[SourceTitle "EXT 2025"]
[Source "ChessBase"]
[SourceDate "2024.10.14"]
[SourceVersion "1"]
[SourceVersionDate "2024.10.14"]
[SourceQuality "1"]

1. d4 g6 2. h4 Nf6 3. Bg5 Bg7 4. Bxf6 Bxf6 5. h5 c5 6. c3 cxd4 7. cxd4 Qb6 8. Qc2 Nc6 9. e3 d5 10. Nd2 Bf5 11. Qb3 Qxb3 12. Nxb3 b6 13. Bb5 Bd7 14. Nf3 Nb4 15. Bxd7+ Kxd7 16. Kd2 Rac8 17. Ne1 Rc7 18. a3 Nc6 19. hxg6 hxg6 20. Rxh8 Bxh8 21. f4 e6 22. Rc1 Bf6 23. g4 Be7 24. g5 Bd6 25. Nd3 Ne7 26. Rh1 Nf5 27. Rh7 Ke7 28. Ne5 Bxe5 29. fxe5 Ng3 30. Kd3 Ne4 31. Rh8 Nxg5 32. Nd2 f6 33. exf6+ Kxf6 34. Rf8+ Rf7 35. Ra8 Kf5 36. b4 Rc7 37. Rf8+ Rf7 38. Ra8 Kf6 39. a4 Rc7 40. a5 bxa5 41. bxa5 Rb7 42. a6 Rc7 43. Rf8+ Kg7 44. Rb8 Nf7 45. Rb7 Rc6 46. Rxa7 Kf6 47. Nf3 Rb6 48. Ra8 Rb3+ 49. Kd2 Ra3 50. a7 Kg7 51. Ne5 Nxe5 52. dxe5 g5 53. Ke2 Ra4 54. Kf2 Kh7 55. Kg3 Kg7 56. Kf3 Kh7 57. Kg3 Kg7 58. Kf3 Kh7 59. Re8 Rxa7 60. Rxe6 Ra3 61. Rd6 Kg7 62. Rxd5 Kf7 63. Rd6 Ra5 64. e6+ Ke7 65. Rb6 Kf6 66. e4 Ra3+ 67. Kg4 Ra1 68. e7+ Kf7 69. Kxg5 Kxe7 70. Rb7+ Kd6 71. Rb5 Rf1 72. Kg6 Ke6 73. Rf5 Rg1+ 74. Rg5 Re1 75. Rg4 Ke5 76. Kh5 Rxe4 77. Rg5+ Kd4 78. Rg6 Re5+ 79. Kh6 Re4 80. Rg8 Ke3 81. Rd8 Rf4 82. Kg6 Re4 83. Ra8 Kf3 84. Ra3+ Re3 85. Ra1 Re4 86. Kg5 Ke3 87. Re1+ Kd4 88. Ra1 Re5+ 89. Kf6 Re4 90. Rd1+ Ke3 91. Kf5 Rf4+ 92. Kg5 Rd4 93. Re1+ Kd2 94. Re8 Kd3 95. Rf8 Rd5+ 96. Rf5 Rxf5+ 97. Kxf5 1/2-1/2

[Event "Titled Tuesday intern op 23rd Jul Early"]
[Site "Chess.com INT"]
[Date "2024.07.23"]
[Round "5"]
[White "Winkels, Marcel"]
[Black "Simonovic, Miroslav"]
[Result "0-1"]
[WhiteElo "1924"]
[BlackElo "2085"]
[PlyCount "68"]
[EventDate "2024.07.23"]
[EventType "swiss (blitz)"]
[EventRounds "11"]
[EventCountry "USA"]
[SourceTitle "EXT 2025"]
[Source "ChessBase"]
[SourceDate "2024.10.14"]
[SourceVersion "1"]
[SourceVersionDate "2024.10.14"]
[SourceQuality "1"]

1. e4 a6 2. d4 b5 3. Bd3 Bb7 4. Nf3 d6 5. 0-0 g6 6. a4 b4 7. c3 c5 8. cxb4 cxb4 9. Bg5 h6 10. Be3 Bg7 11. Nbd2 Nf6 12. e5 dxe5 13. Nxe5 0-0 14. Ndf3 Nc6 15. Qb3 Nxe5 16. Nxe5 Nd5 17. Bd2 a5 18. Bc4 e6 19. Rfd1 Qh4 20. Be1 Bxe5 21. dxe5 Qg5 22. Bf1 Qxe5 23. Bd2 Kh7 24. Qh3 Nf4 25. Qg3 g5 26. Re1 Qf6 27. Bxf4 Qxf4 28. Bd3+ Kg7 29. Qe3 Qxe3 30. Rxe3 Rac8 31. Rd1 Rfd8 32. Ree1 Rd5 33. Bb5 Rcd8 34. Rxd5 Rxd5 0-1

[Event "Titled Tuesday intern op 09th Jul Late"]
[Site "Chess.com INT"]
[Date "2024.07.09"]
[Round "2"]
[White "Senthilkumar, Pranav"]
[Black "Simonovic, Miroslav"]
[Result "1-0"]
[WhiteElo "1912"]
[BlackElo "2085"]
[PlyCount "81"]
[EventDate "2024.07.09"]
[EventType "swiss (blitz)"]
[EventRounds "11"]
[EventCountry "USA"]
[SourceTitle "EXT 2025"]
[Source "ChessBase"]
[SourceDate "2024.10.14"]
[SourceVersion "1"]
[SourceVersionDate "2024.10.14"]
[SourceQuality "1"]

1. Nf3 c5 2. b3 Nc6 3. Bb2 d6 4. e3 e5 5. Bb5 Bd7 6. d4 cxd4 7. exd4 e4 8. Nfd2 d5 9. 0-0 Nf6 10. c4 a6 11. cxd5 axb5 12. dxc6 Bxc6 13. Nc3 Qxd4 14. Ndxe4 Qxd1 15. Nxf6+ gxf6 16. Raxd1 Ba3 17. Ba1 Kf8 18. Ne2 Kg7 19. Ng3 Kg6 20. h4 h5 21. Rfe1 Rhe8 22. Ne2 Bb4 23. Nf4+ Kf5 24. Rxe8 Bxe8 25. Nxh5 Rxa2 26. Bxf6 Kg6 27. g4 Bc5 28. Bd4 b6 29. Nf4+ Kh7 30. Nd5 Bc6 31. Nxb6 Bxd4 32. Rxd4 Ra1+ 33. Kh2 Rh1+ 34. Kg3 Rg1+ 35. Kf4 Rf1 36. Rd2 Rg1 37. Nc8 Rb1 38. Ne7 Bg2 39. Rd3 Bf1 40. Re3 Rb2 41. f3 1-0

[Event "Titled Tuesday intern op 09th Jul Late"]
[Site "Chess.com INT"]
[Date "2024.07.09"]
[Round "11"]
[White "Simonovic, Miroslav"]
[Black "Eynullayev, Altay Elshan"]
[Result "1-0"]
[WhiteElo "2085"]
[BlackElo "2214"]
[PlyCount "93"]
[EventDate "2024.07.09"]
[EventType "swiss (blitz)"]
[EventRounds "11"]
[EventCountry "USA"]
[SourceTitle "EXT 2025"]
[Source "ChessBase"]
[SourceDate "2024.10.14"]
[SourceVersion "1"]
[SourceVersionDate "2024.10.14"]
[SourceQuality "1"]

1. d4 Nf6 2. Bg5 Ne4 3. Bf4 c5 4. f3 Qa5+ 5. c3 Nf6 6. Bxb8 Rxb8 7. e4 cxd4 8. Qxd4 e6 9. b4 Qc7 10. Bb5 a6 11. Ba4 b5 12. Bb3 d5 13. exd5 e5 14. Qd3 a5 15. a3 Bd6 16. Nd2 0-0 17. Ne2 g6 18. 0-0 Bf5 19. Ne4 Kg7 20. N2g3 Bd7 21. Rac1 Qb6+ 22. Kh1 Ne8 23. Nxd6 Nxd6 24. Ne4 h6 25. h3 f5 26. Nxd6 Qxd6 27. Rfe1 Rfe8 28. Re3 Re7 29. Rce1 Rbe8 30. bxa5 Bc8 31. c4 bxc4 32. Bxc4 Bb7 33. a6 Ba8 34. Bb5 Rc8 35. a4 Rc5 36. Bc6 Bxc6 37. dxc6 Rxc6 38. Qxd6 Rxd6 39. Rxe5 Rxe5 40. Rxe5 Rxa6 41. a5 Kf6 42. Rb5 Kg5 43. g3 Kf6 44. Kg2 Kg5 45. h4+ Kf6 46. Rb6+ Rxb6 47. axb6 1-0

[Event "Titled Tuesday intern op 09th Jul Late"]
[Site "Chess.com INT"]
[Date "2024.07.09"]
[Round "1"]
[White "Simonovic, Miroslav"]
[Black "Skotheim, Andreas"]
[Result "0-1"]
[WhiteElo "2085"]
[BlackElo "2225"]
[PlyCount "402"]
[EventDate "2024.07.09"]
[EventType "swiss (blitz)"]
[EventRounds "11"]
[EventCountry "USA"]
[SourceTitle "EXT 2025"]
[Source "ChessBase"]
[SourceDate "2024.10.14"]
[SourceVersion "1"]
[SourceVersionDate "2024.10.14"]
[SourceQuality "1"]

1. d4 d5 2. Bg5 c5 3. c3 Nf6 4. Bxf6 gxf6 5. g3 e5 6. e3 Be6 7. Nd2 Qb6 8. Qb3 Nc6 9. Qxb6 axb6 10. Bb5 0-0-0 11. Ne2 h5 12. h4 Kc7 13. f4 Bg4 14. Kf2 Bh6 15. Bxc6 Kxc6 16. Nf3 cxd4 17. cxd4 e4 18. Rhc1+ Kd6 19. Nh2 Bxe2 20. Kxe2 f5 21. Rc3 Rc8 22. Rac1 Rc6 23. b4 Rg8 24. Nf1 Ra8 25. Rxc6+ bxc6 26. Rc2 Bf8 27. Rb2 Kc7 28. Kd2 Ra3 29. Kc2 Kb7 30. Kb1 Ka6 31. Kc2 Kb5 32. Kb1 Bxb4 33. Nd2 Rxe3 34. Nb3 Re1+ 35. Kc2 Re2+ 36. Kb1 Rxb2+ 37. Kxb2 Be1 38. Kc2 Bxg3 39. Nc1 Bxf4 40. Ne2 Be3 41. Kb3 f4 42. a4+ Ka6 43. Kc3 f3 44. Ng3 Bf2 45. Nf1 Bxh4 46. Kd2 Bg5+ 47. Ke1 Bf4 48. Kf2 h4 49. Kg1 h3 50. a5 Kxa5 51. Kh1 Kb4 52. Ne3 Bxe3 53. Kh2 Bf2 54. Kh1 f5 55. Kh2 Kc4 56. Kxh3 Kxd4 57. Kh2 Ke5 58. Kh1 Kf6 59. Kh2 Kf7 60. Kh3 Kg7 61. Kh2 Kh7 62. Kh1 Kh8 63. Kh2 Kg8 64. Kh1 Kf8 65. Kh2 Ke8 66. Kh3 Kd8 67. Kh2 Kc8 68. Kh3 Kb8 69. Kh2 Ka8 70. Kh1 Ka7 71. Kh2 Kb7 72. Kh1 Kc7 73. Kh2 Kd7 74. Kh1 Ke7 75. Kh2 Kf7 76. Kh1 Kf6 77. Kh2 Ke6 78. Kh1 Kd6 79. Kh2 Kc5 80. Kh1 Kc4 81. Kh2 Kd4 82. Kh1 Ke5 83. Kh2 b5 84. Kh1 Kf6 85. Kh2 Kg6 86. Kh1 Kh6 87. Kh2 Kh7 88. Kh1 Kh8 89. Kh2 Kg8 90. Kh1 Kf8 91. Kh2 Ke8 92. Kh1 Kd8 93. Kh2 Kc8 94. Kh1 Kb8 95. Kh2 Ka8 96. Kh1 Ka7 97. Kh2 Kb7 98. Kh1 Kc7 99. Kh2 Kd7 100. Kh1 Ke7 101. Kh2 Kf7 102. Kh1 Kg7 103. Kh2 Kg6 104. Kh1 Kf6 105. Kh2 Ke6 106. Kh1 Kd6 107. Kh2 Kc5 108. Kh1 Kb6 109. Kh2 Ka5 110. Kh1 Ka4 111. Kh2 Ka3 112. Kh1 Ka2 113. Kh2 Kb2 114. Kh1 Kc2 115. Kh2 b4 116. Kh1 Kc3 117. Kh2 Kc4 118. Kh1 Kc5 119. Kh2 Kb5 120. Kh1 Ka5 121. Kh2 Ka6 122. Kh1 Ka7 123. Kh2 Ka8 124. Kh1 Kb8 125. Kh2 Kc8 126. Kh1 Kd8 127. Kh2 Ke8 128. Kh1 Kf8 129. Kh2 Kg8 130. Kh1 Kh8 131. Kh2 Kh7 132. Kh1 Kg7 133. Kh2 Kf7 134. Kh1 Ke7 135. Kh2 Kd7 136. Kh1 Kc7 137. Kh2 Kb7 138. Kh1 Kb6 139. Kh2 Kb5 140. Kh1 Kc5 141. Kh2 Kd6 142. Kh1 Ke6 143. Kh2 Kf6 144. Kh1 Kg6 145. Kh2 Kh6 146. Kh1 Kg5 147. Kh2 Kf4 148. Kh1 Ke5 149. Kh2 b3 150. Kh1 Kd4 151. Kh2 Kc4 152. Kh1 Kb4 153. Kh2 Ka4 154. Kh1 Ka5 155. Kh2 Ka6 156. Kh1 Ka7 157. Kh2 Ka8 158. Kh1 Kb8 159. Kh2 Kb7 160. Kh1 Kb6 161. Kh2 Kb5 162. Kh1 Kc5 163. Kh2 Kd6 164. Kh1 Kc7 165. Kh2 Kc8 166. Kh1 Kd8 167. Kh2 Kd7 168. Kh1 Ke7 169. Kh2 Ke8 170. Kh1 Kf8 171. Kh2 Kf7 172. Kh1 Kg7 173. Kh2 Kg8 174. Kh1 Kh8 175. Kh2 Kh7 176. Kh1 Kh6 177. Kh2 Kg6 178. Kh1 Kf6 179. Kh2 Ke6 180. Kh1 Ke5 181. Kh2 Kd4 182. Kh1 c5 183. Kh2 Kc4 184. Kh1 Kb4 185. Kh2 Ka4 186. Kh1 Ka5 187. Kh2 Ka6 188. Kh1 Ka7 189. Kh2 Ka8 190. Kh1 Kb8 191. Kh2 Kc8 192. Kh1 Kd8 193. Kh2 Ke8 194. Kh1 Kf8 195. Kh2 Kg8 196. Kh1 Kh8 197. Kh2 Kh7 198. Kh1 Kg7 199. Kh2 Kf7 200. Kh1 Ke7 201. Kh2 Kd7 0-1

[Event "Titled Tuesday intern op 02nd Jul Late"]
[Site "Chess.com INT"]
[Date "2024.07.02"]
[Round "4"]
[White "Guo, Anni"]
[Black "Simonovic, Miroslav"]
[Result "0-1"]
[WhiteElo "1883"]
[BlackElo "2085"]
[PlyCount "132"]
[EventDate "2024.07.02"]
[EventType "swiss (blitz)"]
[EventRounds "11"]
[EventCountry "USA"]
[SourceTitle "EXT 2025"]
[Source "ChessBase"]
[SourceDate "2024.10.14"]
[SourceVersion "1"]
[SourceVersionDate "2024.10.14"]
[SourceQuality "1"]

1. b3 a6 2. Bb2 b5 3. e3 Bb7 4. Nf3 d6 5. g3 Nd7 6. Bg2 c5 7. 0-0 Ngf6 8. d4 g6 9. dxc5 dxc5 10. Nbd2 Bg7 11. c4 0-0 12. Qe2 Qb6 13. Rfd1 Rfd8 14. Rac1 b4 15. Nf1 a5 16. Ne5 Bxg2 17. Nxd7 Bxf1 18. Nxf6+ Bxf6 19. Rxf1 a4 20. Bxf6 Qxf6 21. Rfd1 Rxd1+ 22. Rxd1 axb3 23. axb3 Ra1 24. Rxa1 Qxa1+ 25. Kg2 Qc3 26. Qa2 Kg7 27. Qb1 h5 28. Qa2 g5 29. Qb1 e6 30. h3 f5 31. Qd1 g4 32. hxg4 hxg4 33. Qd7+ Kf6 34. Qd8+ Kf7 35. Qd7+ Kf6 36. Qd8+ Kg6 37. Qg8+ Kh5 38. Qxe6 Qxb3 39. Qxf5+ Kh6 40. Qf8+ Kg6 41. Qd6+ Kf7 42. Qc7+ Ke6 43. Qc6+ Kf7 44. Qd5+ Ke8 45. Qe5+ Kd7 46. Qxc5 Qc3 47. Qd5+ Kc7 48. Qf7+ Kb6 49. Qe6+ Ka5 50. Qd5+ Ka4 51. Qb5+ Ka3 52. c5 b3 53. c6 b2 54. Qb7 Qb3 55. Qxb3+ Kxb3 56. c7 b1Q 57. c8Q Qe4+ 58. Kg1 Qb1+ 59. Kh2 Qe4 60. Qg8+ Kc3 61. Qf7 Kd2 62. Qf4 Qe6 63. e4+ Ke2 64. Qe3+ Kf1 65. f3 Qa2+ 66. Kh1 Qg2# 0-1

[Event "Titled Tuesday intern op 02nd Jul Late"]
[Site "Chess.com INT"]
[Date "2024.07.02"]
[Round "6"]
[White "Pullela, Sricharan"]
[Black "Simonovic, Miroslav"]
[Result "1-0"]
[WhiteElo "2061"]
[BlackElo "2085"]
[PlyCount "91"]
[EventDate "2024.07.02"]
[EventType "swiss (blitz)"]
[EventRounds "11"]
[EventCountry "USA"]
[SourceTitle "EXT 2025"]
[Source "ChessBase"]
[SourceDate "2024.10.14"]
[SourceVersion "1"]
[SourceVersionDate "2024.10.14"]
[SourceQuality "1"]

1. d4 Nf6 2. Bg5 Ne4 3. Bf4 d5 4. Nd2 Bf5 5. e3 Nd7 6. f3 Nxd2 7. Qxd2 Nf6 8. g4 Bd7 9. h4 h6 10. Bd3 e6 11. Ne2 c5 12. c3 c4 13. Bc2 Qb6 14. Rb1 Bd6 15. h5 Bxf4 16. Nxf4 a5 17. Kf2 a4 18. a3 Qd6 19. Rbg1 0-0-0 20. g5 Ne8 21. e4 dxe4 22. fxe4 e5 23. Ne2 hxg5 24. Rxg5 f6 25. Rgg1 Bc6 26. d5 Bd7 27. Qe3 b6 28. Ng3 Kb7 29. Rh4 Rh7 30. h6 gxh6 31. Rxh6 Rxh6 32. Qxh6 Qc5+ 33. Qe3 Qxe3+ 34. Kxe3 Nd6 35. Nh5 Rf8 36. Rg7 Kc8 37. Ng3 Rf7 38. Rg8+ Kb7 39. Bd1 f5 40. exf5 Bxf5 41. Nxf5 Nxf5+ 42. Ke4 Nd6+ 43. Kxe5 Nb5 44. Ke6 Rf2 45. d6 Rd2 46. Bf3+ 1-0

[Event "Titled Tuesday intern op 02nd Jul Early"]
[Site "Chess.com INT"]
[Date "2024.07.02"]
[Round "3"]
[White "Simonovic, Miroslav"]
[Black "Yagupov, Igor"]
[Result "0-1"]
[WhiteElo "2085"]
[BlackElo "2232"]
[PlyCount "75"]
[EventDate "2024.07.02"]
[EventType "swiss (blitz)"]
[EventRounds "11"]
[EventCountry "USA"]
[SourceTitle "EXT 2025"]
[Source "ChessBase"]
[SourceDate "2024.10.14"]
[SourceVersion "1"]
[SourceVersionDate "2024.10.14"]
[SourceQuality "1"]

1. d4 Nf6 2. Bg5 d5 3. Bxf6 gxf6 4. e3 e6 5. c4 c6 6. cxd5 cxd5 7. Nc3 Nc6 8. a3 f5 9. g3 Bd6 10. Bg2 Bd7 11. Nge2 Rc8 12. b4 a5 13. b5 Ne7 14. 0-0 Ng8 15. Qb3 b6 16. Rfc1 Nf6 17. Na4 Ne4 18. Rxc8 Bxc8 19. Rc1 Bd7 20. f3 Nd2 21. Qc3 Nc4 22. Nb2 Bxb5 23. Nxc4 Bxc4 24. Bf1 b5 25. a4 b4 26. Qa1 0-0 27. Kf2 Qd7 28. Ng1 Rc8 29. f4 Bxf1 30. Rxc8+ Qxc8 31. Qxf1 Qc4 32. Ne2 b3 33. Qa1 Bb4 34. Kf3 Qc2 35. Qc1 Qxc1 36. Nxc1 b2 37. Nd3 b1Q 38. Nxb4 0-1

[Event "Titled Tuesday intern op 18th Jun Late"]
[Site "Chess.com INT"]
[Date "2024.06.18"]
[Round "4"]
[White "Korol, Dimitry"]
[Black "Simonovic, Miroslav"]
[Result "0-1"]
[WhiteElo "2287"]
[BlackElo "2085"]
[PlyCount "90"]
[EventDate "2024.06.18"]
[EventType "swiss (blitz)"]
[EventRounds "11"]
[EventCountry "USA"]
[SourceTitle "EXT 2025"]
[Source "ChessBase"]
[SourceDate "2024.10.14"]
[SourceVersion "1"]
[SourceVersionDate "2024.10.14"]
[SourceQuality "1"]

1. d4 Nf6 2. c4 c5 3. d5 b5 4. Nd2 bxc4 5. e4 d6 6. Bxc4 Nbd7 7. Ngf3 g6 8. b3 Bg7 9. Bb2 0-0 10. h3 a5 11. a4 Nb6 12. Qc2 Nxc4 13. bxc4 Rb8 14. Bc3 Nd7 15. Bxg7 Kxg7 16. 0-0 Rb4 17. Rfe1 Qc7 18. Qc3+ Kg8 19. e5 Nxe5 20. Nxe5 dxe5 21. Rxe5 e6 22. dxe6 Bxe6 23. Qe3 Rd8 24. Rxc5 Qb6 25. Ne4 Rxc4 26. Rc8 Qd4 27. Rxc4 Qxe3 28. fxe3 Bxc4 29. Nc5 Rd2 30. Rc1 Bd5 31. e4 Bc6 32. Rc4 Rb2 33. g4 Kg7 34. e5 Rb4 35. Rxb4 axb4 36. a5 Bd5 37. Kf2 b3 38. Nd3 Be4 39. Nb2 Kf8 40. Ke3 Bb7 41. Kd4 Ke7 42. Kc5 Ke6 43. Kb6 Be4 44. a6 Kxe5 45. a7 Kf4 0-1

[Event "Titled Tuesday intern op 18th Jun Early"]
[Site "Chess.com INT"]
[Date "2024.06.18"]
[Round "8"]
[White "Simonovic, Miroslav"]
[Black "Llari, Marc"]
[Result "0-1"]
[WhiteElo "2085"]
[BlackElo "2226"]
[PlyCount "110"]
[EventDate "2024.06.18"]
[EventType "swiss (blitz)"]
[EventRounds "11"]
[EventCountry "USA"]
[SourceTitle "EXT 2025"]
[Source "ChessBase"]
[SourceDate "2024.10.14"]
[SourceVersion "1"]
[SourceVersionDate "2024.10.14"]
[SourceQuality "1"]

1. d4 f5 2. Bg5 Nf6 3. Bxf6 exf6 4. c4 g6 5. Nc3 Bg7 6. e3 0-0 7. g3 d6 8. Bg2 c6 9. Nge2 Re8 10. 0-0 Be6 11. d5 Bf7 12. dxc6 bxc6 13. Qd3 Qc7 14. Rfd1 Rd8 15. b4 Na6 16. b5 Nc5 17. Qc2 Bxc4 18. Bxc6 Rac8 19. Nd5 Bxd5 20. Rxd5 Qb6 21. Rad1 Rxc6 22. bxc6 Ne4 23. Qb3 Qxb3 24. axb3 Rc8 25. Rxd6 Nxd6 26. Rxd6 Bf8 27. Re6 Kf7 28. Nd4 Bc5 29. b4 Bxd4 30. Rd6 Bb6 31. b5 Rc7 32. h4 h5 33. Kf1 Ke7 34. Rd3 a6 35. bxa6 Rxc6 36. Ra3 Rc7 37. Ra2 Ra7 38. Ke2 Kd6 39. Kf3 Kc6 40. e4 fxe4+ 41. Kxe4 Kb5 42. f4 Rxa6 43. Rd2 f5+ 44. Kd5 Ba5 45. Rb2+ Bb4 46. Rb1 Rd6+ 47. Ke5 Rc6 48. Rd1 Kc4 49. Rc1+ Bc3+ 50. Rxc3+ Kxc3 51. Kd5 Ra6 52. g4 hxg4 53. Ke5 Kd3 54. h5 gxh5 55. Kd5 g3 0-1

[Event "Titled Tuesday intern op 18th Jun Late"]
[Site "Chess.com INT"]
[Date "2024.06.18"]
[Round "3"]
[White "Simonovic, Miroslav"]
[Black "Lou, Yiping"]
[Result "1-0"]
[WhiteElo "2085"]
[BlackElo "2442"]
[PlyCount "67"]
[EventDate "2024.06.18"]
[EventType "swiss (blitz)"]
[EventRounds "11"]
[EventCountry "USA"]
[SourceTitle "EXT 2025"]
[Source "ChessBase"]
[SourceDate "2024.10.14"]
[SourceVersion "1"]
[SourceVersionDate "2024.10.14"]
[SourceQuality "1"]

1. d4 Nf6 2. Bg5 g6 3. Bxf6 exf6 4. c4 Bg7 5. Nc3 c6 6. g3 0-0 7. e3 Re8 8. Nge2 f5 9. Bg2 d6 10. 0-0 Be6 11. Qd3 d5 12. cxd5 cxd5 13. Nf4 Nc6 14. Nfxd5 Qd6 15. a3 Rad8 16. b4 a6 17. Rfc1 Ne7 18. Nxe7+ Rxe7 19. Na4 b5 20. Nc5 Bc4 21. Qc2 Rde8 22. Bf1 Bd5 23. a4 f4 24. gxf4 Bxd4 25. exd4 Qxf4 26. Ra3 Re1 27. Rxe1 Rxe1 28. Re3 Qg4+ 29. Rg3 Qxd4 30. Nd3 Re8 31. axb5 axb5 32. Qc5 Qe4 33. Bg2 Qe1+ 34. Nxe1 1-0

[Event "Titled Tuesday intern op 18th Jun Late"]
[Site "Chess.com INT"]
[Date "2024.06.18"]
[Round "6"]
[White "Toniutti, Ezio"]
[Black "Simonovic, Miroslav"]
[Result "1-0"]
[WhiteElo "2204"]
[BlackElo "2085"]
[PlyCount "57"]
[EventDate "2024.06.18"]
[EventType "swiss (blitz)"]
[EventRounds "11"]
[EventCountry "USA"]
[SourceTitle "EXT 2025"]
[Source "ChessBase"]
[SourceDate "2024.10.14"]
[SourceVersion "1"]
[SourceVersionDate "2024.10.14"]
[SourceQuality "1"]

1. d4 Nf6 2. c4 c5 3. d5 b5 4. cxb5 a6 5. e3 axb5 6. Bxb5 Bb7 7. Nc3 e6 8. e4 Qa5 9. Bd2 Nxe4 10. dxe6 fxe6 11. Qh5+ g6 12. Qe5 Nxd2 13. Qxh8 Bxg2 14. Qxh7 Bxh1 15. Qxg6+ Kd8 16. Qg8 Ne4 17. Qxf8+ Kc7 18. Nge2 Nc6 19. Qg7 Bf3 20. 0-0-0 Rd8 21. Nxe4 Bxe4 22. Nc3 Bd5 23. Qg3+ Kb7 24. Qd6 Qc7 25. Qxc5 Qf4+ 26. Rd2 Rg8 27. Nxd5 Rg1+ 28. Kc2 exd5 29. Qxd5 1-0